<?xml version="1.0" encoding="UTF-8"?>
<record
    xmlns:xsi="http://www.w3.org/2001/XMLSchema-instance"
    xsi:schemaLocation="http://www.loc.gov/MARC21/slim http://www.loc.gov/standards/marcxml/schema/MARC21slim.xsd"
    xmlns="http://www.loc.gov/MARC21/slim">

  <leader>01002nam a22002297a 4500</leader>
  <controlfield tag="005">20180611151907.0</controlfield>
  <datafield tag="010" ind1=" " ind2=" ">
    <subfield code="a">1718EN-30    B-687969-978</subfield>
  </datafield>
  <datafield tag="020" ind1=" " ind2=" ">
    <subfield code="a">9788124602164</subfield>
    <subfield code="c">650.00</subfield>
  </datafield>
  <datafield tag="035" ind1=" " ind2=" ">
    <subfield code="a">B-687969-978</subfield>
  </datafield>
  <datafield tag="037" ind1=" " ind2=" ">
    <subfield code="b">A.K.Pub. &amp; Dis.</subfield>
    <subfield code="a">dpl</subfield>
  </datafield>
  <datafield tag="082" ind1=" " ind2=" ">
    <subfield code="a">338.47910954</subfield>
  </datafield>
  <datafield tag="100" ind1=" " ind2=" ">
    <subfield code="a">Gupta, S.P.</subfield>
  </datafield>
  <datafield tag="245" ind1=" " ind2=" ">
    <subfield code="a">Cultural  tourism in India :</subfield>
    <subfield code="c">by S.P. Gupta, Krishna Lal [and] Mahua Bhattacharyya </subfield>
    <subfield code="b">museums, monuments &amp; art - (theory and practice ) / </subfield>
  </datafield>
  <datafield tag="260" ind1=" " ind2=" ">
    <subfield code="c">2016</subfield>
    <subfield code="a">New Delhi</subfield>
    <subfield code="b">A.K.Pub. &amp; Dis.</subfield>
  </datafield>
  <datafield tag="270" ind1=" " ind2=" ">
    <subfield code="a">Vedasri, F-395, Sudarshan Park, Ramesh Nagar, </subfield>
    <subfield code="b">New Delhi</subfield>
    <subfield code="e">110015</subfield>
  </datafield>
  <datafield tag="300" ind1=" " ind2=" ">
    <subfield code="c">23cm(pbk)</subfield>
    <subfield code="a">xxviii,451p. </subfield>
  </datafield>
  <datafield tag="500" ind1=" " ind2=" ">
    <subfield code="a">Includes bibliographical references and index </subfield>
  </datafield>
  <datafield tag="700" ind1=" " ind2=" ">
    <subfield code="a">Lal, Krishna </subfield>
  </datafield>
  <datafield tag="700" ind1=" " ind2=" ">
    <subfield code="a">Bhattacharyya, Mahua </subfield>
  </datafield>
  <datafield tag="942" ind1=" " ind2=" ">
    <subfield code="c">EN</subfield>
    <subfield code="2">ddc</subfield>
    <subfield code="m">GUP</subfield>
    <subfield code="h">338.47910954</subfield>
  </datafield>
  <datafield tag="999" ind1=" " ind2=" ">
    <subfield code="c">144514</subfield>
    <subfield code="d">144514</subfield>
  </datafield>
  <datafield tag="952" ind1=" " ind2=" ">
    <subfield code="0">0</subfield>
    <subfield code="1">0</subfield>
    <subfield code="4">0</subfield>
    <subfield code="7">0</subfield>
    <subfield code="8">NFIC</subfield>
    <subfield code="a">BL1</subfield>
    <subfield code="b">BL1</subfield>
    <subfield code="d">2018-06-11</subfield>
    <subfield code="e">A.K.Pub. &amp; Dist./A-39/30.11.17/632/20.11.17/13.01.18</subfield>
    <subfield code="g">650.00</subfield>
    <subfield code="l">2</subfield>
    <subfield code="m">1</subfield>
    <subfield code="o">338.47910954 GUP</subfield>
    <subfield code="p">B-687974</subfield>
    <subfield code="r">2019-02-12 00:00:00</subfield>
    <subfield code="s">2019-01-28</subfield>
    <subfield code="t">1</subfield>
    <subfield code="y">EN</subfield>
  </datafield>
  <datafield tag="952" ind1=" " ind2=" ">
    <subfield code="0">0</subfield>
    <subfield code="1">0</subfield>
    <subfield code="4">0</subfield>
    <subfield code="7">0</subfield>
    <subfield code="8">NFIC</subfield>
    <subfield code="a">M</subfield>
    <subfield code="b">M</subfield>
    <subfield code="d">2018-06-11</subfield>
    <subfield code="e">A.K.Pub. &amp; Dist./A-39/30.11.17/632/20.11.17/13.01.18</subfield>
    <subfield code="g">650.00</subfield>
    <subfield code="l">0</subfield>
    <subfield code="o">338.47910954 GUP</subfield>
    <subfield code="p">B-687970</subfield>
    <subfield code="r">2018-06-11 00:00:00</subfield>
    <subfield code="t">1</subfield>
    <subfield code="y">EN</subfield>
  </datafield>
  <datafield tag="952" ind1=" " ind2=" ">
    <subfield code="0">0</subfield>
    <subfield code="1">0</subfield>
    <subfield code="4">0</subfield>
    <subfield code="7">0</subfield>
    <subfield code="8">NFIC</subfield>
    <subfield code="a">NPL</subfield>
    <subfield code="b">NPL</subfield>
    <subfield code="d">2018-06-11</subfield>
    <subfield code="e">A.K.Pub. &amp; Dist./A-39/30.11.17/632/20.11.17/13.01.18</subfield>
    <subfield code="g">650.00</subfield>
    <subfield code="l">0</subfield>
    <subfield code="o">338.47910954 GUP</subfield>
    <subfield code="p">B-687972</subfield>
    <subfield code="r">2018-06-11 00:00:00</subfield>
    <subfield code="t">1</subfield>
    <subfield code="y">EN</subfield>
  </datafield>
  <datafield tag="952" ind1=" " ind2=" ">
    <subfield code="0">0</subfield>
    <subfield code="1">0</subfield>
    <subfield code="4">0</subfield>
    <subfield code="7">0</subfield>
    <subfield code="8">NFIC</subfield>
    <subfield code="a">AV</subfield>
    <subfield code="b">AV</subfield>
    <subfield code="d">2018-06-11</subfield>
    <subfield code="e">A.K.Pub. &amp; Dist./A-39/30.11.17/632/20.11.17/13.01.18</subfield>
    <subfield code="g">650.00</subfield>
    <subfield code="l">0</subfield>
    <subfield code="o">338.47910954 GUP</subfield>
    <subfield code="p">B-687973</subfield>
    <subfield code="r">2018-06-11 00:00:00</subfield>
    <subfield code="t">1</subfield>
    <subfield code="y">EN</subfield>
  </datafield>
  <datafield tag="952" ind1=" " ind2=" ">
    <subfield code="0">0</subfield>
    <subfield code="1">0</subfield>
    <subfield code="4">0</subfield>
    <subfield code="7">0</subfield>
    <subfield code="8">NFIC</subfield>
    <subfield code="a">JP</subfield>
    <subfield code="b">JP</subfield>
    <subfield code="d">2018-06-11</subfield>
    <subfield code="e">A.K.Pub. &amp; Dist./A-39/30.11.17/632/20.11.17/13.01.18</subfield>
    <subfield code="g">650.00</subfield>
    <subfield code="l">0</subfield>
    <subfield code="o">338.47910954 GUP</subfield>
    <subfield code="p">B-687975</subfield>
    <subfield code="r">2018-06-11 00:00:00</subfield>
    <subfield code="t">1</subfield>
    <subfield code="y">EN</subfield>
  </datafield>
  <datafield tag="952" ind1=" " ind2=" ">
    <subfield code="0">0</subfield>
    <subfield code="1">0</subfield>
    <subfield code="4">0</subfield>
    <subfield code="7">0</subfield>
    <subfield code="8">NFIC</subfield>
    <subfield code="a">ZLS</subfield>
    <subfield code="b">ZLS</subfield>
    <subfield code="d">2018-06-11</subfield>
    <subfield code="e">A.K.Pub. &amp; Dist./A-39/30.11.17/632/20.11.17/13.01.18</subfield>
    <subfield code="g">650.00</subfield>
    <subfield code="l">2</subfield>
    <subfield code="o">338.47910954 GUP</subfield>
    <subfield code="p">B-687976</subfield>
    <subfield code="r">2019-06-03 00:00:00</subfield>
    <subfield code="s">2019-05-21</subfield>
    <subfield code="t">1</subfield>
    <subfield code="y">EN</subfield>
  </datafield>
  <datafield tag="952" ind1=" " ind2=" ">
    <subfield code="0">0</subfield>
    <subfield code="1">0</subfield>
    <subfield code="4">0</subfield>
    <subfield code="7">0</subfield>
    <subfield code="8">NFIC</subfield>
    <subfield code="a">L</subfield>
    <subfield code="b">L</subfield>
    <subfield code="d">2018-06-11</subfield>
    <subfield code="e">A.K.Pub. &amp; Dist./A-39/30.11.17/632/20.11.17/13.01.18</subfield>
    <subfield code="g">650.00</subfield>
    <subfield code="l">4</subfield>
    <subfield code="m">2</subfield>
    <subfield code="o">338.47910954 GUP</subfield>
    <subfield code="p">B-687969</subfield>
    <subfield code="r">2025-11-07 00:00:00</subfield>
    <subfield code="s">2025-10-23</subfield>
    <subfield code="t">1</subfield>
    <subfield code="y">EN</subfield>
  </datafield>
  <datafield tag="952" ind1=" " ind2=" ">
    <subfield code="0">0</subfield>
    <subfield code="1">0</subfield>
    <subfield code="4">0</subfield>
    <subfield code="7">0</subfield>
    <subfield code="8">NFIC</subfield>
    <subfield code="a">NR</subfield>
    <subfield code="b">NR</subfield>
    <subfield code="d">2018-06-11</subfield>
    <subfield code="e">A.K.Pub. &amp; Dist./A-39/30.11.17/632/20.11.17/13.01.18</subfield>
    <subfield code="g">650.00</subfield>
    <subfield code="l">0</subfield>
    <subfield code="o">338.47910954 GUP</subfield>
    <subfield code="p">B-687977</subfield>
    <subfield code="r">2018-06-11 00:00:00</subfield>
    <subfield code="t">1</subfield>
    <subfield code="y">EN</subfield>
  </datafield>
  <datafield tag="952" ind1=" " ind2=" ">
    <subfield code="0">0</subfield>
    <subfield code="1">0</subfield>
    <subfield code="4">0</subfield>
    <subfield code="7">0</subfield>
    <subfield code="8">NFIC</subfield>
    <subfield code="a">BN</subfield>
    <subfield code="b">BN</subfield>
    <subfield code="d">2018-06-11</subfield>
    <subfield code="e">A.K.Pub. &amp; Dist./A-39/30.11.17/632/20.11.17/13.01.18</subfield>
    <subfield code="g">650.00</subfield>
    <subfield code="l">2</subfield>
    <subfield code="o">338.47910954 GUP</subfield>
    <subfield code="p">B-687978</subfield>
    <subfield code="r">2019-05-28 00:00:00</subfield>
    <subfield code="s">2019-05-13</subfield>
    <subfield code="t">1</subfield>
    <subfield code="y">EN</subfield>
  </datafield>
  <datafield tag="952" ind1=" " ind2=" ">
    <subfield code="0">0</subfield>
    <subfield code="1">0</subfield>
    <subfield code="4">0</subfield>
    <subfield code="7">0</subfield>
    <subfield code="8">NFIC</subfield>
    <subfield code="a">M</subfield>
    <subfield code="b">M</subfield>
    <subfield code="d">2018-06-11</subfield>
    <subfield code="e">A.K.Pub. &amp; Dist./A-39/30.11.17/632/20.11.17/13.01.18</subfield>
    <subfield code="g">650.00</subfield>
    <subfield code="l">0</subfield>
    <subfield code="o">338.47910954 GUP</subfield>
    <subfield code="p">B-687971</subfield>
    <subfield code="r">2018-06-11 00:00:00</subfield>
    <subfield code="t">1</subfield>
    <subfield code="y">EN</subfield>
  </datafield>
</record>
